000 00878nam a22002537a 4500
999 _c33435
_d33435
001 2649
003 CO-MdFUSB
005 20171120091830.0
008 171120t1986 xxu||||| |||| 00| 0 spa d
020 _a1-55883-043-X
040 _aCO-MdFUSB
_bspa
_cCO-MdFUSB
_dCO-MdFUSBC
_erda
041 0 _aspa
_heng
082 0 4 _aG 226.2 H4986e
100 1 _aHendriksen, Guillermo (William) (1900-)
_eautor
245 1 0 _aComentario del Nuevo Testamento
_b : Exposición del Evangelio según Mateo
_c / Guillermo Hendriksen ; Humberto Casanova, Traductor
264 4 _aGrand Rapids, MI., USA :
_bDesafío,
_c©1986
300 _a1066 Pag
336 _2rdacontent
_atexto
_btxt
337 _2rdamedia
_asin mediación
_bn
338 _2rdacarrier
_avolumen
_bnc
500 _aTítulo original : New Testament commentary, Matthew
653 _aBiblia N.T. - Mateo - Comentarios
942 _cBK